000 00308nam a22001217a 4500
005 20250901165809.0
008 250320b |||||||| |||| 00| 0 eng d
020 _69780195696585
050 _aPK 2098 .P74 2014
245 _aSEVASADAN PREMCHAND
_cSHINGAVI SNEHAL
260 _aINDIA
_bOXFORD
_c2014
942 _2lcc
999 _c9359
_d9359